| 000 | 00550nam a22001217a 4500 | ||
|---|---|---|---|
| 040 | _cRUA | ||
| 082 | _aAGR SRY 2009 B039 Or.1 | ||
| 100 | _aSRY SAM AN | ||
| 245 | _aarthropods on cashew tree in ochum, district ratanakiri province(សត្វល្អិតនៅលើដំណាំស្វាយចន្ទី ក្នុងស្រុកអូរជុំខេត្តរតនគិរី) | ||
| 300 |
_axi, 50p. _bill. _c29cm. |
||
| 856 | _uhttps://drive.google.com/file/d/1x6xRSrICZhnNAIek3UioINKsN7wbK2qV/view?usp=sharing | ||
| 942 | _cAGR | ||
| 999 |
_c876 _d876 |
||